000 01200cam a2200337 a 4500
999 _c14304
_d14304
001 15831761
003 EG-ScBUE
005 20210130114730.0
008 090723t2009 nyub f b 000 1 eng d
020 _a9780345501851 (pbk.)
040 _aDLC
_beng
_erda
_cDLC
_dEG-ScBUE
043 _ae-sp---
082 0 4 _a813.6
_bGOR
_222
100 1 _aGortner, C. W.,
_eauthor.
_915536
245 1 4 _aThe last queen :
_ba novel /
_cC. W. Gortner.
264 1 _aNew York :
_bBallantine Books,
_c[2009]
264 4 _cc2009
300 _a378 pages :
_bmaps ;
_c21 cm
336 _2rdacontent
_atext
_btxt
337 _2rdamedia
_aunmediated
_bn
338 _2rdacarrier
_avolume
_bnc
504 _aIncludes bibliographical references.
600 0 4 _aJuana,
_cla Loca, Queen of Castile,
_d1479-1555
_vFiction.
_2BUEsh
_915537
650 7 _aQueens
_zSpain
_zCastile
_vFiction.
_2BUEsh
_915538
651 7 _aSpain
_xKings and rulers
_vFiction.
_2BUEsh
_915539
653 _bHHUUEENN
_cJanuary2021
655 7 _aBiographical fiction.
_2gsafd
_vReading book
942 _2ddc
_cBB